000 00941nam a22003017a 4500
001 4721
003 FISKH
005 20250731134059.0
008 240925b cb ||||| |||| 00| 0 eng d
020 _a9780590438803
040 _aFISKH
_beng
_cFISKH
_dFISKH
050 _aPZ8.M2
082 _2398.2452
100 _aMcGovern, Ann
_d(1930–2015)
245 _aAesop's fables /
_cretold by Ann Mcgovern Inside illustrations by A.J. McClaskey
250 _aPublished in 1963
260 _aNew York :
_bScholastic,
_c1963.
300 _a78 pages :
_bColor illustrations ;
_c20cm.
505 _aR
520 _aA retelling of over 50 classic Aesop fables, including The fox and the grapes and The donkey in the lion's skin.
521 8 _a780L
_bLexile
521 8 _aR
_bRaz-Plus
650 _2Greece
_aAnimals
650 _2Fables
_aFantasy
700 _aMcClaskey, A.J.
_dIllustrator
942 _2ddc
_cBK
_n0
999 _c4721
_d4721